Marta, Sebas, Guille y los demás - Amaral - Estadísticas

Estadísticas generales
  • Esta prueba ha sido intentada 379 veces
  • La puntuación promedio es 218 de 243
Estadísticas de respuestas
% Correcto
a
100%
and / &
100%
se
100%
100%
de
99%
De
99%
las
99%
los
99%
Verso Marta
99%
hora
98%
la
98%
mi
98%
y
98%
Y
98%
amigos
97%
me
97%
mis
97%
Por
97%
por
97%
Sebas
97%
Estribillo Son
97%
no
96%
No
96%
que
96%
qué
96%
sin
96%
calle
95%
en
95%
En
95%
española
95%
ha
95%
horas
95%
pasábamos
95%
seis,
95%
Buenos
94%
El
94%
el
94%
llamó
94%
Porque
94%
porque
94%
sentía
94%
sola
94%
ya
94%
Ya
94%
Aires
93%
marchó,
93%
para
93%
cosas
92%
encima
92%
Sólo
92%
sólo
92%
todas
92%
vuelta
92%
hablar,
91%
hay
91%
nadie
91%
Un
91%
un
91%
Guille
90%
lo
90%
sitio
89%
acabó,
88%
dinero
88%
demás
86%
tu
86%
Yo
86%
yo
86%
al
84%
más
84%
Chile
83%
nada
83%
Rock
83%
Roll
83%
Santiago
83%
ni
82%
nos
82%
del
81%
despierta
81%
enamorao'
81%
entre
81%
eso
81%
estoy
81%
hotel,
81%
jefe
81%
montañas
81%
señorita
81%
trabajo
81%
304
80%
amanecer
80%
anda
80%
dónde
80%
estaba
80%
le
80%
saber
80%
su
80%
viendo
80%
contrato
79%
echaron
79%
medio
79%
minuto
79%
une
79%
acabará
78%
celebrarlo
78%
destino
78%
dieron
78%
fuimos
78%
gracias
78%
guitarra
78%
hermana
78%
imbécil
78%
rebelde
78%
Aunque
77%
empieza
77%
Isabel
77%
soportar
77%
confesado,
76%
contó
76%
misma
76%
separará?
76%
tarde
76%
tendrás
76%
gato
75%
hijo
73%
Aquella
72%
tuvo
71%
memoria
69%
Barcelona
68%
toca
68%
fue
67%
hoy
67%
venido
67%
vivir
65%
Verso Carlos
57%
Claudia
55%
Aguirre
52%
Verso Alicia
42%
¿Dónde
25%
No se encontraron pruebas coincidentes
Distribución de puntuación
Porcentaje de gente con cada puntuación
Porcentaje por número respondido
Historial de tus puntuaciones
No has intentado esta prueba.